00550nam a2200205Ia 450000500170000000800410001702000260005804000190008404100120010308200180011510000160013324500550014926000360020430000260024063000130026663000190027965000170029865100180031585000110033320240311102839.0131103s9999 xx 000 0 und d a8176250929cRs.950.00 aLoreto College aEnglish a371.822 bGUP aGupta Mukta aWomen and Educational Development, cMukta Gupta aNew DelhibSarup and Sonsc2000 a245pb tables, graphs aFeminism aGender Studies aWomen Issues aWomen Studies aLCLIB